000 00427nam a2200193Ia 4500
003 0100
008 130303s9999 xx 000 0 und d
040 _cARRUPELIB
050 _aBT1319.W36
100 _aWand, J.W.C.
245 4 _aThe four great heresies
260 _aLondon
260 _bMowbray
260 _C1955
300 _a139p.
300 _b 23 cm
650 _bCatholic Church - Clergy
942 _2lcc
_02
999 _c66111
_d66111